Greek Quiz - Sudden Death - Statistics

General Stats
  • This quiz has been taken 72 times
  • The average score is 8 of 22
Answers on the Grid
Answers color-coded by a green-red scale on the quiz's grid according to % correct below.
Thanatos
Mercury
Pan
Pelops
Jupiter
Theseus
Hestia
Janus
Odysseus
Poseidon
Achillies
Vulcan
Ulysses
Cupid
Eros
Pluto
Vesta
Persephone
Cassandra
Hades
Nerva
Kronos
Oedipus
Remus
Brutus
Orcus
Boreas
Zeus
Juno
Dionysus
Tyche
Remus
Nike
Hermes
Selene
Polyphemus
Minerva
Sol
Diana
Neptune
 
Answer Stats
Answer % Correct
Thanatos
63%
Poseidon
60%
Odysseus
54%
Achillies
49%
Theseus
46%
Hestia
43%
Kronos
43%
Oedipus
43%
Hermes
40%
Zeus
40%
Pan
37%
Hades
34%
Nike
34%
Persephone
34%
Dionysus
31%
Cassandra
23%
Eros
23%
Polyphemus
23%
Boreas
20%
Selene
20%
Tyche
17%
Pelops
11%
No matching quizzes found
Score Distribution
Percent of People with Each Score
Percentile by Number Answered
Your Score History
You have not taken this quiz